<?xml version="1.0" encoding="UTF-8"?><?xml-stylesheet type="text/xsl" href="static/style.xsl"?><OAI-PMH xmlns="http://www.openarchives.org/OAI/2.0/" xmlns:xsi="http://www.w3.org/2001/XMLSchema-instance" xsi:schemaLocation="http://www.openarchives.org/OAI/2.0/ http://www.openarchives.org/OAI/2.0/OAI-PMH.xsd"><responseDate>2026-04-14T06:37:27Z</responseDate><request verb="GetRecord" identifier="oai:www.recercat.cat:2072/370494" metadataPrefix="marc">https://recercat.cat/oai/request</request><GetRecord><record><header><identifier>oai:recercat.cat:2072/370494</identifier><datestamp>2024-12-13T09:39:14Z</datestamp><setSpec>com_2072_63420</setSpec><setSpec>com_2072_63419</setSpec><setSpec>com_2072_63412</setSpec><setSpec>com_2072_2015</setSpec><setSpec>col_2072_63421</setSpec></header><metadata><record xmlns="http://www.loc.gov/MARC21/slim" xmlns:dcterms="http://purl.org/dc/terms/" xmlns:xsi="http://www.w3.org/2001/XMLSchema-instance" xmlns:doc="http://www.lyncode.com/xoai" xsi:schemaLocation="http://www.loc.gov/MARC21/slim http://www.loc.gov/standards/marcxml/schema/MARC21slim.xsd">
   <leader>00925njm 22002777a 4500</leader>
   <datafield ind2=" " ind1=" " tag="042">
      <subfield code="a">dc</subfield>
   </datafield>
   <datafield ind2=" " ind1=" " tag="720">
      <subfield code="a">García Marín, Olga</subfield>
      <subfield code="e">author</subfield>
   </datafield>
   <datafield ind2=" " ind1=" " tag="520">
      <subfield code="a">Esta disertación se centra en la definición de los conceptos Marca y Branding, exponiendo y desarrollando el proceso que necesita una marca para su creación. Se enumeran el conjunto de elementos que formará la identidad de una marca, los valores y la esencia que desembocará en la construcción de su imagen e identidad, para alcanzar finalmente un buen posicionamiento en el mercado. 
 
Esta investigación examina el desarrollo y la evolución del arte callejero en general y del artista Banksy en particular, definiendo y analizando su marca, su imagen y reputación, así como, las posibles estrategias de posicionamiento que este artista ha creado para llevar su obra a un reconocimiento mundial.</subfield>
   </datafield>
   <datafield ind1="8" ind2=" " tag="024">
      <subfield code="a">http://hdl.handle.net/10609/109067</subfield>
   </datafield>
   <datafield tag="653" ind2=" " ind1=" ">
      <subfield code="a">Marca, Branding, Estrategias Branding, Técnicas de Relaciones Públicas para el posicionamiento de una marca, Evolución y Construcción de la marca Banksy.</subfield>
   </datafield>
   <datafield tag="653" ind2=" " ind1=" ">
      <subfield code="a">Brand, Branding, Branding strategies, Public Relations techniques for the positioning of a brand, Evolution and Construction of Banksy brand.</subfield>
   </datafield>
   <datafield ind2="0" ind1="0" tag="245">
      <subfield code="a">Banksy ¿Una Marca o una estrategia de Branding?</subfield>
   </datafield>
</record></metadata></record></GetRecord></OAI-PMH>